Madr-i-millat mohtarm fiatima jinnah, a chronology 1893-1967 (Record no. 571679)
[ view plain ]
| 000 -LEADER | |
|---|---|
| fixed length control field | 00558nam a22001817a 4500 |
| 003 - CONTROL NUMBER IDENTIFIER | |
| control field | CEME |
| 005 - DATE AND TIME OF LATEST TRANSACTION | |
| control field | 20210628202952.0 |
| 008 - FIXED-LENGTH DATA ELEMENTS--GENERAL INFORMATION | |
| fixed length control field | 210119b xxu||||| |||| 00| 0 eng d |
| 020 ## - INTERNATIONAL STANDARD BOOK NUMBER | |
| International Standard Book Number | 969-415-060-4 |
| 040 ## - CATALOGING SOURCE | |
| Transcribing agency | . |
| 082 ## - DEWEY DECIMAL CLASSIFICATION NUMBER | |
| Classification number | 923.2 MAD |
| 100 ## - MAIN ENTRY--PERSONAL NAME | |
| Personal name | Riaz Ahmad . Prog Dr |
| 9 (RLIN) | 62620 |
| 245 ## - TITLE STATEMENT | |
| Title | Madr-i-millat mohtarm fiatima jinnah, a chronology 1893-1967 |
| 260 ## - PUBLICATION, DISTRIBUTION, ETC. | |
| Place of publication, distribution, etc. | RAWALPINDI |
| Name of publisher, distributor, etc. | NATIONAL ARCHIVES OF PAKISTAN |
| Date of publication, distribution, etc. | 2003 |
| 300 ## - PHYSICAL DESCRIPTION | |
| Extent | VII, 80 P |
| 650 ## - SUBJECT ADDED ENTRY--TOPICAL TERM | |
| Topical term or geographic name entry element | BIOGRAPHY-MADR-I-MILLAT MOHTARM FIATIMA JINNAH - CHRONOLOGY 1893-1967 |
| 9 (RLIN) | 62621 |
| 942 ## - ADDED ENTRY ELEMENTS (KOHA) | |
| Koha item type | Book |
| Source of classification or shelving scheme | |
| Withdrawn status | Lost status | Damaged status | Not for loan | Permanent Location | Current Location | Shelving location | Date acquired | Total Checkouts | Full call number | Barcode | Date last seen | Price effective from | Koha item type |
|---|---|---|---|---|---|---|---|---|---|---|---|---|---|
| College of Electrical & Mechanical Engineering (CEME) | College of Electrical & Mechanical Engineering (CEME) | General Stacks | 07/24/2017 | 923.2 MAD | CEME-43274 | 06/28/2021 | 06/28/2021 | Book |
